Tân trào 1945-1985 Tập thơ văn

Salvato in:
Dettagli Bibliografici
Altri autori: Ngô Vĩnh Bình (sưu tầm, giới thiệu)
Natura: Libro
Lingua:Vietnamese
Pubblicazione: Hà Tuyên Hội Văn học nghệ thuật Hà Tuyên 1985
Soggetti:
Tags: Aggiungi Tag
Nessun Tag, puoi essere il primo ad aggiungerne! !
Thư viện lưu trữ: Mạng thư viện Đại học Đà Nẵng
LEADER 01384nam a2200361 4500
001 000005220
003 1363
005 20110812080815.0
008 110812s1985 viesd
020 |c 8500đ 
041 0 |a vie 
082 |a 895.92234  |b TAN 
245 0 |a Tân trào 1945-1985  |b Tập thơ văn  |c Ngô Vĩnh Bình sưu tầm, giới thiệu 
260 |a Hà Tuyên  |b Hội Văn học nghệ thuật Hà Tuyên  |c 1985 
300 |a 316 tr : ảnh  |c 19 cm 
653 |a Văn Học 
653 |a Việt Nam 
653 |a Thơ 
653 |a Nghiên cứu văn học 
700 |a Ngô Vĩnh Bình  |e sưu tầm, giới thiệu 
910 |a Nguyễn Thị Kim Oanh  |d 12/08/2011 
OWN |a LSP 
AVA |a UDN50  |b LNN  |d 895.922 SO-H  |e available  |t Error 5001 Not defined in file expand_doc_bib_avail.  |f 1  |g 0  |h N  |i 0 
AVA |a UDN50  |b LSP  |d 895.92234 TAN  |e available  |t Error 5001 Not defined in file expand_doc_bib_avail.  |f 3  |g 1  |h N  |i 0  |k 1 
999 |a From the UDN01 
AVA |a UDN50  |b LNN  |d 895.922 SO-H  |e available  |t Error 5001 Not defined in file expand_doc_bib_avail.  |f 1  |g 0  |h N  |i 0 
AVA |a UDN50  |b LSP  |d 895.92234 TAN  |e available  |t Error 5001 Not defined in file expand_doc_bib_avail.  |f 3  |g 1  |h N  |i 0  |k 1 
TYP |a Monograph 
TYP |a Printed language 
980 |a Mạng thư viện Đại học Đà Nẵng